[Event "Australian-ch 2018"]
[Site "Sydney"]
[Date "2018.01.03"]
[Round "2"]
[White "Smirnov, Anton"]
[Black "Brown, Andrew"]
[Result "1-0"]
[WhiteElo "2527"]
[BlackElo "2293"]
[Annotator "ChessBase"]
[PlyCount "71"]
[EventDate "2018.01.02"]
[EventType "tourn"]
[EventCountry "AUS"]
[SourceTitle "playchess.com"]
[Source "ChessBase"]
[SourceQuality "1"]
[TimeControl "40/5400+30:1800+30"]

1. e4 {[%emt 0:00:00]} e5 {[%emt 0:00:09]} 2. Nf3 {[%emt 0:00:33]} Nc6 {[%emt 0:00:09]} 3. Bc4 {[%emt 0:00:04]} Bc5 {[%emt 0:00:42]} 4. c3 {[%emt 0:00:11]} Qe7 {[%emt 0:06:52]} 5. d4 {[%emt 0:00:39]} Bb6 {[%emt 0:02:59]} 6. O-O {[%emt 0:00:43]} Nf6 {[%emt 0:03:40]} 7. a4 {[%emt 0:00:22]} a6 {[%emt 0:01:18]} 8. Re1 {[%emt 0:00:31]} d6 {[%emt 0:00:22]} 9. h3 {[%emt 0:00:05]} h6 {[%emt 0:01:16]} 10. Be3 {[%emt 0:03:51]} g5 {[%emt 0:16:41]} 11. dxe5 {[%emt 0:06:55]} dxe5 {[%emt 0:00:44]} 12. Bxb6 {[%emt 0:00:12]} cxb6 {[%emt 0:00:05]} 13. Nh2 g4 {[%emt 0:18:10]} 14. hxg4 {[%emt 0:11:04]} Rg8 {[%emt 0:02:29]} 15. Be2 {[%emt 0:03:15]} Be6 {[%emt 0:06:32]} 16. Na3 {[%emt 0:05:27]} Rd8 {[%emt 0:14:56]} 17. Qc1 {[%emt 0:00:33]} Rd6 {[%emt 0:03:05]} 18. Nc2 {[%emt 0:17:01]} Nxe4 {[%emt 0:04:17]} 19. Qe3 {[%emt 0:05:38]} Nf6 {[%emt 0:01:09]} 20. Rad1 {[%emt 0:03:20]} Nd5 {[%emt 0:03:10]} 21. Qf3 {[%emt 0:01:41]} h5 {[%emt 0:06:23]} 22. gxh5 {[%emt 0:03:55]} Nf4 {[%emt 0:01:17]} 23. Ne3 {[%emt 0:00:46]} Nh3+ {[%emt 0:03:28]} 24. Kf1 {[%emt 0:00:05]} Ng5 {[%emt 0:00:10]} 25. Qg3 {[%emt 0:00:06]} Kf8 {[%emt 0:01:33]} 26. Qh4 {[%emt 0:00:15]} Rxd1 {[%emt 0:01:09]} 27. Rxd1 {[%emt 0:00:08]} Qf6 {[%emt 0:00:39]} 28. Nf3 {[%emt 0:01:50]} Nh7 {[%emt 0:00:33]} 29. b4 {[%emt 0:03:52]} Qxh4 {[%emt 0:00:25]} 30. Nxh4 {[%emt 0:00:01]} Rg5 {[%emt 0:00:28]} 31. g4 {[%emt 0:01:08]} Nf6 {[%emt 0:00:34]} 32. Nhf5 {[%emt 0:00:06]} Bxf5 {[%emt 0:00:30]} 33. Nxf5 {[%emt 0:00:02]} Nxh5 {[%emt 0:00:32]} 34. b5 {[%emt 0:00:06]} axb5 {[%emt 0:00:18]} 35. axb5 {[%emt 0:00:01]} Rxf5 {[%emt 0:00:41]} 36. gxf5 {[%emt 0:00:09]} 1-0

[Event "Australian-ch 2018"]
[Site "Sydney"]
[Date "2018.01.03"]
[Round "2"]
[White "Illingworth, Max"]
[Black "Guichard, Pauline"]
[Result "1-0"]
[WhiteElo "2494"]
[BlackElo "2269"]
[Annotator "RC"]
[PlyCount "99"]
[EventDate "2018.01.02"]
[EventType "tourn"]
[EventCountry "AUS"]
[SourceTitle "playchess.com"]
[Source "ChessBase"]
[SourceQuality "1"]
[TimeControl "40/5400+30:1800+30"]

1. e4 {[%emt 0:00:00]} d6 {[%emt 0:00:06]} 2. d4 {[%emt 0:00:00]} g6 {[%emt 0:00:07]} 3. c4 {[%emt 0:00:00]} Bg7 {[%emt 0:00:09]} 4. Nc3 {[%emt 0:00:00]} e5 {[%emt 0:00:18]} 5. Nge2 {[%emt 0:00:00]} Ne7 {[%emt 0:09:58]} 6. Be3 {[%emt 0:00:24]} Nd7 {[%emt 0:00:32]} 7. h4 {[%emt 0:01:30]} f5 {[%emt 0:04:50]} 8. f3 {[%emt 0:04:19]} O-O {[%emt 0:01:09]} 9. Qd2 {[%emt 0:02:49]} f4 {[%emt 0:01:56]} 10. Bf2 {[%emt 0:00:08]} a6 {[%emt 0:02:03]} 11. d5 {[%emt 0:03:18]} Nf6 {[%emt 0:07:51]} 12. c5 {[%emt 0:02:36]} dxc5 13. Bxc5 {[%emt 0:04:18]} b6 {[%emt 0:05:33]} 14. Ba3 {[%emt 0:07:03]} Ne8 {[%emt 0:00:30]} 15. b3 {[%emt 0:01:43]} Nd6 {[%emt 0:00:35]} 16. O-O-O Kh8 {[%emt 0:06:51]} 17. Kb1 {[%emt 0:05:29]} Ng8 {[%emt 0:01:42]} 18. Nc1 {[%emt 0:04:35]} Nf6 {[%emt 0:01:37]} 19. Bd3 {[%emt 0:07:53]} Bd7 {[%emt 0:03:22]} 20. Qf2 {[%emt 0:02:35]} Nh5 {[%emt 0:02:51]} 21. N1e2 {[%emt 0:00:17]} Rf7 {[%emt 0:06:20]} 22. Rc1 {[%emt 0:03:29]} Bf8 {[%emt 0:03:56]} 23. Bb2 {[%emt 0:01:15]} Bg7 {[%emt 0:01:06]} 24. Rc2 {[%emt 0:02:01]} a5 {[%emt 0:01:52]} 25. Ka1 {[%emt 0:05:47]} a4 {[%emt 0:01:41]} 26. b4 {[%emt 0:02:26]} a3 {[%emt 0:04:18]} 27. Bc1 {[%emt 0:00:08]} Bf6 {[%emt 0:00:56]} 28. Bd2 {[%emt 0:04:41]} Ra7 {[%emt 0:07:58]} 29. Be1 {[%emt 0:01:47]} Be8 {[%emt 0:03:32]} 30. Qg1 {[%emt 0:01:27]} c5 {[%emt 0:02:41]} 31. bxc5 {[%emt 0:08:05]} bxc5 {[%emt 0:00:05]} 32. Bf2 {[%emt 0:00:31]} Nb7 {[%emt 0:01:54]} 33. Bb5 {[%emt 0:02:56]} Ra5 {[%emt 0:02:05]} 34. Qb1 {[%emt 0:02:13]} Nd6 {[%emt 0:03:41]} 35. Bxe8 {[%emt 0:01:49]} Nxe8 {[%emt 0:00:04]} 36. Nc1 {[%emt 0:01:24]} Ra8 {[%emt 0:05:05]} 37. Nb3 {[%emt 0:04:11]} Rb7 {[%emt 0:03:35]} 38. Ne2 {[%emt 0:03:57]} Be7 {[%emt 0:05:20]} 39. Qc1 {[%emt 0:01:05]} Rb5 {[%emt 0:01:07]} 40. Nxc5 {[%emt 0:02:52]} Nd6 {[%emt 0:30:40]} 41. Ne6 {[%emt 0:32:15]} Qa5 {[%emt 0:00:00]} 42. Nc7 {[%emt 0:00:00]} Rab8 {[%emt 0:00:00]} 43. Nxb5 {[%emt 0:00:00]} Qxb5 {[%emt 0:00:00]} 44. Bc5 {[%emt 0:00:00]} Nc4 {[%emt 0:00:00]} 45. Rxc4 {[%emt 0:00:00]} Bxc5 {[%emt 0:00:00]} 46. Rxc5 {[%emt 0:00:00]} Qxe2 {[%emt 0:00:00]} 47. Rc8+ {[%emt 0:00:00]} Rxc8 {[%emt 0:00:00]} 48. Qxc8+ {[%emt 0:00:00]} Kg7 {[%emt 0:00:00]} 49. Rb1 {[%emt 0:00:00]} Nf6 {[%emt 0:00:00]} 50. Qc7+ {[%emt 0:00:00]} 1-0

[Event "Australian-ch 2018"]
[Site "Sydney"]
[Date "2018.01.03"]
[Round "2"]
[White "Ly, Moulthun"]
[Black "O'Chee, Kevin"]
[Result "1-0"]
[WhiteElo "2480"]
[BlackElo "2120"]
[Annotator "TA"]
[PlyCount "61"]
[EventDate "2018.01.02"]
[EventType "tourn"]
[EventCountry "AUS"]
[SourceTitle "playchess.com"]
[Source "ChessBase"]
[SourceQuality "1"]

{[%evp 17,61,14,52,24,17,24,75,25,86,101,81,24,40,24,28,20,18,8,144,106,80,91,94,97,105,104,101,81,113,119,120,59,125,126,451,436,447,431,438,437,414,264,321,320,567,547]} 1. d4 Nf6 2. c4 e6 3. Nf3 c5 4. d5 exd5 5. cxd5 d6 6. Nc3 g6 7. h3 Bg7 8. Bf4 {A61: Modern Benoni: Nf3 without early e4} (8. e4 O-O 9. Bd3 b5 10. Bxb5 Nxe4 11. Nxe4 Qa5+ 12. Nfd2 Qxb5 13. Nxd6 Qa6 14. N2c4 Nd7 15. O-O Nb6 16. Nxb6 Qxb6 17. Nxc8 Raxc8 18. Rb1 Rfd8 19. Bf4 Qb7 20. d6 Bf8 21. Qd3 Bxd6 22. Bxd6 Rc6 23. Rfd1 Qd7 24. Qa3 Rxd6 25. Rxd6 Qxd6 26. Qxa7 {½-½ (40) Ponomariov,R (2709)-Nakamura,H (2789) Baku 2016}) 8... O-O 9. e3 Re8 {LiveBook: 12 Games} 10. Be2 {White is slightly better.} Ne4 11. Rc1 $146 ({Predecessor:} 11. Nxe4 Rxe4 12. Nd2 Rxf4 13. exf4 Bxb2 {0-1 (51) Roos,A (2217)-Ringoir,T (2474) Maastricht 2013}) 11... Qb6 (11... Nxc3 $11 {remains equal.} 12. bxc3 Qc7) 12. O-O Nd7 (12... Nxc3 $11 13. bxc3 Qc7) 13. Nxe4 $16 Rxe4 14. b3 (14. Nd2 $16 Rxf4 15. exf4) 14... Re8 $11 15. Nd2 {[%cal Bf3d2,Bd2c4,Bc4e5,Be5d3][%mdl 32] [#] Hoping for Nc4.} Ne5 16. Bh2 f5 17. Kh1 Qb4 (17... Rb8 $11) 18. Bxe5 dxe5 19. Nc4 $36 {[%mdl 2048] Threatens to win with a3. Keeping Black busy.} Rd8 20. a3 Qb5 21. Nxe5 Qe8 22. Nd3 b6 23. b4 Bb7 24. Bf3 (24. Nf4 $16) 24... cxb4 ({Better is} 24... Bxd5 $14 25. Bxd5+ Rxd5) 25. Nxb4 $16 Bb2 $2 {[%mdl 8192]} (25... Be5 $16 {is more resistant.} 26. Kg1 Rac8) 26. Rc7 $18 Rd7 {[#]} 27. Rxb7 $1 {[%mdl 512]} Rxb7 28. d6 Rf7 29. d7 Qxd7 30. Bxa8 Bxa3 $2 (30... Qxd1 {is a better defense.} 31. Rxd1 Kg7) 31. Nc2 {Precision: White = 45%, Black = 22%.} 1-0

[Event "Australian-ch 2018"]
[Site "Sydney"]
[Date "2018.01.03"]
[Round "2"]
[White "Lane, Gary W"]
[Black "Parle, Hughston"]
[Result "1-0"]
[WhiteElo "2401"]
[BlackElo "1961"]
[Annotator "ChessBase"]
[PlyCount "69"]
[EventDate "2018.01.02"]
[EventType "tourn"]
[EventCountry "AUS"]
[SourceTitle "playchess.com"]
[Source "ChessBase"]
[SourceQuality "1"]
[TimeControl "40/5400+30:1800+30"]

1. e4 c5 2. Nf3 d6 3. d4 cxd4 4. Qxd4 Nc6 5. Bb5 Bd7 6. Bxc6 Bxc6 7. Nc3 Nf6 8. Bg5 e6 9. O-O-O Be7 10. Qd3 Qa5 11. Bd2 Ng4 12. Be1 Qb6 13. Nd4 Ne5 14. Qe2 Bg5+ 15. Kb1 a6 16. g3 Bf6 17. f4 Nd7 18. Bf2 Nc5 19. Rhe1 O-O-O 20. e5 dxe5 21. Nb3 exf4 22. Nxc5 f3 23. Qc4 Qc7 24. Nd3 b5 25. Qc5 Rd6 26. Nb4 Rhd8 27. Rxd6 Rxd6 28. Nxa6 Qd7 29. a3 Kd8 30. Qb6+ Ke8 31. Nc7+ Kf8 32. Bc5 f2 33. Rf1 Bd8 34. N3xb5 Bxc7 35. Qxc7 1-0

[Event "Australian-ch 2018"]
[Site "Sydney"]
[Date "2018.01.03"]
[Round "2"]
[White "Solomon, Stephen J"]
[Black "Yang, Ray"]
[Result "1-0"]
[WhiteElo "2365"]
[BlackElo "2003"]
[Annotator "ChessBase"]
[PlyCount "123"]
[EventDate "2018.01.02"]
[EventType "tourn"]
[EventCountry "AUS"]
[SourceTitle "playchess.com"]
[Source "ChessBase"]
[SourceQuality "1"]
[TimeControl "40/5400+30:1800+30"]

1. e4 e6 2. d4 d5 3. Nc3 Bb4 4. e5 c5 5. Bd2 Nh6 6. a3 Bxc3 7. Bxc3 cxd4 8. Bxd4 Nc6 9. c3 Nf5 10. Nf3 Nfxd4 11. cxd4 Bd7 12. b4 O-O 13. Bd3 f5 14. exf6 Qxf6 15. O-O a6 16. Qd2 Be8 17. Rfe1 h6 18. Qe3 Bh5 19. Ne5 Nxe5 20. dxe5 Qf7 21. Rac1 Rac8 22. g3 Bf3 23. Rxc8 Rxc8 24. Rc1 Rxc1+ 25. Qxc1 g5 26. Kf1 Kg7 27. Ke1 Bh5 28. f4 gxf4 29. Qxf4 Qxf4 30. gxf4 Bg6 31. Be2 Bf5 32. h4 Kg6 33. h5+ Kf7 34. Kd2 Ke7 35. Kc3 Kd7 36. a4 Kc6 37. a5 Bh3 38. b5+ axb5 39. Kb4 Kc7 40. Kxb5 Bf5 41. Kc5 Bh3 42. Bd3 Bg4 43. Bg6 Bf3 44. f5 Kd7 45. f6 Be2 46. Kb6 d4 47. Bc2 Bf3 48. Bd3 Ke8 49. Kc7 Bxh5 50. Be4 Be2 51. Bxb7 d3 52. a6 d2 53. a7 d1=Q 54. a8=Q+ Kf7 55. Bc6 Kg6 56. Qg8+ Kh5 57. f7 Qa1 58. f8=Q Qa7+ 59. Kd8 Qb8+ 60. Ke7 Qb4+ 61. Kf7 Qf4+ 62. Ke8 1-0

[Event "Australian-ch 2018"]
[Site "Sydney"]
[Date "2018.01.03"]
[Round "2"]
[White "Dale, Ari"]
[Black "Cheng, Bobby"]
[Result "1-0"]
[WhiteElo "2356"]
[BlackElo "2504"]
[Annotator "TA"]
[PlyCount "69"]
[EventDate "2018.01.02"]
[EventType "tourn"]
[EventCountry "AUS"]
[SourceTitle "playchess.com"]
[Source "ChessBase"]
[SourceQuality "1"]

{[%evp 24,69,0,0,16,13,29,9,62,18,16,0,0,0,0,0,27,-10,2,0,0,-9,33,-35,-28,-12,-10,0,6,0,0,0,28,0,83,0,46,0,0,-37,50,56,320,328,327,330,725,690]} 1. d4 Nf6 2. c4 e6 3. Nc3 Bb4 4. e3 O-O 5. Bd3 d5 6. a3 Bxc3+ 7. bxc3 dxc4 8. Bxc4 c5 9. Nf3 Qc7 10. Ba2 b6 11. O-O Bb7 12. Re1 {E54: Nimzoindisch (Moderne Variante)} (12. Nd2 Nbd7 13. Bb2 Rad8 14. Re1 Ne4 15. Nxe4 Bxe4 16. c4 cxd4 17. exd4 Bg6 18. Qe2 Nf6 19. d5 exd5 20. Bxf6 gxf6 21. cxd5 {0-1 (47) Tkachiev,V (2637)-Wojtaszek,R (2711) Warsaw 2013}) 12... Nbd7 13. Bb2 {LiveBook: 4 Partien} Rad8 14. Qe2 {Die Stellung ist ausgeglichen.} e5 15. Rad1 h6 (15... Bxf3 $11 16. Qxf3 c4) 16. h3 $146 ({Vorgänger:} 16. Nh4 e4 17. f4 cxd4 18. cxd4 Bd5 19. Bxd5 Nxd5 {0-1 (75) Buckley,G (2320)-Quinn,M (2355) Walsall 1997}) 16... Rfe8 17. d5 e4 18. Nh2 Ne5 {zielt auf ...c4 ab.} 19. c4 Rd6 20. Rf1 b5 21. Bxe5 Rxe5 22. Qb2 Rg5 23. Qxb5 (23. f4 $1 $14 Rg3 24. Qf2) 23... Bc8 $15 {[#] Droht stark ...Lxh3.} 24. Kh1 $1 Rb6 25. Qa5 Ne8 {Droht ...Txg2! und aus.} 26. Qc3 Rbg6 27. Rg1 $1 $36 {[%mdl 2048] Weiss hat gut koordiniertes Spiel.} Nd6 (27... Rh5 {feels hotter.} 28. Qb2 Qe7 29. Rdf1 Nd6 30. Bb3 Ba6) 28. Bb1 Ba6 (28... Qe7 $11 {bleibt in der Remisbreite.}) 29. Ba2 Bc8 30. Bb1 Qe7 31. f4 Rh5 (31... Rg3 $15) 32. Qe1 $14 Bg4 $2 {[%mdl 8192]} ({Besser ist} 32... Qf6 $14) 33. hxg4 $18 Rxg4 {[#] ...Tgh4 ist eine echte Drohung.} 34. g3 $1 Nf5 $2 (34... Rg6 35. g4 Rh3) 35. Qe2 {Precision: Weiß = 38%, Schwarz = 20%.} 1-0

[Event "Australian-ch 2018"]
[Site "Sydney"]
[Date "2018.01.03"]
[Round "2"]
[White "Puccini, Jack"]
[Black "Izzat, Kanan"]
[Result "1/2-1/2"]
[WhiteElo "2278"]
[BlackElo "2487"]
[Annotator "TA"]
[PlyCount "71"]
[EventDate "2018.01.02"]
[EventType "tourn"]
[EventCountry "AUS"]
[SourceTitle "playchess.com"]
[Source "ChessBase"]
[SourceQuality "1"]

{[%evp 31,71,0,0,0,0,0,0,0,0,0,0,0,0,0,0,0,0,0,0,0,16,0,0,0,0,0,43,39,37,37,33,20,22,0,60,56,85,22,22,0,66,0]} 1. e4 c5 2. d4 cxd4 3. c3 Nf6 4. e5 Nd5 5. Nf3 e6 6. cxd4 d6 7. Bc4 Be7 8. O-O O-O 9. Qe2 Nc6 10. Nc3 dxe5 11. dxe5 Nxc3 12. bxc3 b6 13. Re1 {B22: Sicilian: 2 c3} (13. Rd1 Qc7 14. Bd3 Bb7 15. h4 Rfd8 16. Bf4 Rd5 17. Bc2 Rxd1+ 18. Rxd1 Rd8 19. Rc1 Rd7 20. Nd4 Nxd4 21. cxd4 {0-1 (36) Vachier Lagrave,M (2758)-Grischuk,A (2810) Beijing 2014}) 13... Bb7 14. Bd3 Qc7 15. Ng5 Bxg5 16. Bxg5 Ne7 {LiveBook: 3 Games} 17. Qh5 {[%csl Gd3][%cal Rh5h7] [#]} Ng6 $1 18. Re3 {Threatens to win with Rh3.} Qxc3 19. Rd1 Qc6 $1 {[%csl Gb7][%cal Rc6g2]} 20. Be4 Qxe4 $1 21. Rxe4 Bxe4 22. Qe2 Bd5 23. Rc1 $146 ({Predecessor:} 23. h4 h6 24. h5 hxg5 25. hxg6 fxg6 26. Rc1 Rac8 27. Rxc8 {½-½ (27) Krutov,A (2106)-Zhorov,B (2145) ICCF email 2012}) 23... Rfc8 24. Rxc8+ Rxc8 25. h4 {[%cal Bh2h4,Bh4h5][%mdl 32]} Bc4 26. Qe4 Bd5 27. Qe2 h6 28. h5 Nf8 29. Qa6 {[%mdl 1024] White has compensation.} Rc7 30. Bd8 Rb7 31. Qa3 Nd7 32. Qd6 Kh7 (32... Bxa2 $11 33. Bc7 Nc5) 33. a3 $14 Nc5 {[#]} 34. Qf8 (34. f3 $1 $16) 34... Rb8 $11 {aiming for ...Nb7.} 35. Qd6 Rb7 36. Qf8 {Precision: White = 65%, Black = 73%.} ({White should play} 36. f3 $14) 1/2-1/2

[Event "Australian-ch 2018"]
[Site "Sydney"]
[Date "2018.01.03"]
[Round "2"]
[White "Zhang, Jilin"]
[Black "Huynh, Arthur"]
[Result "1-0"]
[WhiteElo "2267"]
[BlackElo "2042"]
[Annotator "ChessBase"]
[PlyCount "75"]
[EventDate "2018.01.02"]
[EventType "tourn"]
[EventCountry "AUS"]
[SourceTitle "playchess.com"]
[Source "ChessBase"]
[SourceQuality "1"]
[TimeControl "40/5400+30:1800+30"]

1. e4 {[%emt 0:00:00]} e5 {[%emt 0:00:12]} 2. Nf3 {[%emt 0:00:00]} Nc6 {[%emt 0:00:14]} 3. d4 {[%emt 0:00:34]} exd4 {[%emt 0:00:24]} 4. Nxd4 {[%emt 0:00:07]} Nf6 {[%emt 0:00:15]} 5. Nxc6 {[%emt 0:00:11]} bxc6 {[%emt 0:03:48]} 6. e5 {[%emt 0:00:05]} Qe7 {[%emt 0:00:25]} 7. Qe2 {[%emt 0:00:04]} Nd5 {[%emt 0:00:22]} 8. c4 {[%emt 0:00:05]} Ba6 {[%emt 0:00:34]} 9. b3 {[%emt 0:02:06]} g6 {[%emt 0:01:06]} 10. Bb2 {[%emt 0:04:53]} Bg7 {[%emt 0:01:10]} 11. g3 {[%emt 0:00:50]} O-O {[%emt 0:01:06]} 12. Bg2 {[%emt 0:00:10]} Rae8 {[%emt 0:00:53]} 13. O-O {[%emt 0:00:47]} Bxe5 {[%emt 0:00:28]} 14. Qxe5 {[%emt 0:00:35]} Qxe5 {[%emt 0:00:11]} 15. Bxe5 {[%emt 0:00:03]} Rxe5 {[%emt 0:00:19]} 16. cxd5 {[%emt 0:00:06]} Bxf1 {[%emt 0:00:11]} 17. Kxf1 {[%emt 0:00:05]} cxd5 {[%emt 0:00:10]} 18. Nc3 {[%emt 0:00:06]} c6 {[%emt 0:00:18]} 19. Rd1 {[%emt 0:00:32]} Rfe8 {[%emt 0:01:35]} 20. Bf3 {[%emt 0:01:52]} f5 {[%emt 0:03:56]} 21. Na4 {[%emt 0:02:32]} Kf7 {[%emt 0:04:01]} 22. Nc5 {[%emt 0:07:46]} R5e7 {[%emt 0:20:50]} 23. Rc1 {[%emt 0:08:42]} Rb8 24. Nd3 {[%emt 0:02:44]} Rb6 {[%emt 0:08:31]} 25. Rc5 {[%emt 0:10:31]} Ke8 {[%emt 0:04:56]} 26. h3 {[%emt 0:05:05]} Kd8 {[%emt 0:04:30]} 27. Ra5 {[%emt 0:09:51]} d6 {[%emt 0:05:47]} 28. Ra4 {[%emt 0:01:15]} Rbb7 {[%emt 0:02:47]} 29. Ra6 {[%emt 0:05:24]} Rb6 {[%emt 0:00:27]} 30. Ra4 {[%emt 0:00:58]} Rbb7 {[%emt 0:00:32]} 31. b4 {[%emt 0:11:02]} Kc7 {[%emt 0:06:15]} 32. Ra6 {[%emt 0:00:59]} Re8 {[%emt 0:03:50]} 33. a4 {[%emt 0:02:02]} Ra8 {[%emt 0:01:29]} 34. b5 {[%emt 0:00:45]} Rb6 {[%emt 0:00:12]} 35. Ra5 {[%emt 0:00:25]} cxb5 {[%emt 0:06:10]} 36. Bxd5 {[%emt 0:00:10]} Rab8 {[%emt 0:03:09]} 37. Rxa7+ {[%emt 0:02:15]} Kd8 {[%emt 0:00:24]} 38. a5 1-0

[Event "Australian-ch 2018"]
[Site "Sydney"]
[Date "2018.01.03"]
[Round "2"]
[White "Nakauchi, Gene"]
[Black "Morris, James"]
[Result "0-1"]
[WhiteElo "2208"]
[BlackElo "2477"]
[Annotator "RC"]
[PlyCount "96"]
[EventDate "2018.01.02"]
[EventType "tourn"]
[EventCountry "AUS"]
[SourceTitle "playchess.com"]
[Source "ChessBase"]
[SourceQuality "1"]
[TimeControl "40/5400+30:1800+30"]

1. e4 {[%emt 0:00:00]} e5 {[%emt 0:01:01]} 2. Nf3 {[%emt 0:00:19]} d6 {[%emt 0:00:24]} 3. d4 {[%emt 0:01:29]} Nd7 {[%emt 0:00:33]} 4. Bc4 {[%emt 0:03:34]} exd4 {[%emt 0:30:00]} 5. Qxd4 {[%emt 0:03:51]} Ngf6 6. Nc3 {[%emt 0:00:30]} Be7 7. Bxf7+ {[%emt 0:00:30]} Kxf7 8. Ng5+ {[%emt 0:00:30]} Ke8 9. Ne6 {[%emt 0:00:30]} c5 10. Qd1 {[%emt 0:00:30]} Qb6 11. Nxg7+ {[%emt 0:00:30]} Kf7 12. Nf5 {[%emt 0:00:30]} Ne5 13. Nxe7 {[%emt 0:00:30]} Kxe7 14. Bg5 {[%emt 0:00:30]} Be6 15. f4 {[%emt 0:00:30]} Nf7 16. e5 {[%emt 0:00:30]} dxe5 17. fxe5 {[%emt 0:00:30]} Nxg5 18. exf6+ {[%emt 0:00:30]} Kf8 19. Qd2 {[%emt 0:00:30]} Nf7 20. O-O-O {[%emt 0:00:30]} Rg8 21. Rde1 {[%emt 0:00:30]} Qc6 22. Rhf1 {[%emt 0:00:30]} Re8 23. Rf2 {[%emt 0:00:30]} Qd6 24. Qe3 {[%emt 0:00:30]} Bd7 25. Ne4 {[%emt 0:00:30]} Qd4 26. Qf3 {[%emt 0:00:30]} Bc6 27. c3 {[%emt 0:00:30]} Rxe4 28. cxd4 {[%emt 0:00:30]} Rxe1+ 29. Kd2 {[%emt 0:00:30]} Bxf3 30. Kxe1 {[%emt 0:00:30]} Bc6 31. dxc5 {[%emt 0:00:30]} Rxg2 32. Rxg2 {[%emt 0:00:30]} Bxg2 33. Kf2 {[%emt 0:00:30]} Bd5 34. Ke3 {[%emt 0:00:30]} Bxa2 35. Kf4 {[%emt 0:00:30]} Ke8 36. b4 {[%emt 0:00:30]} Kd7 37. b5 {[%emt 0:00:30]} Bc4 38. c6+ {[%emt 0:00:30]} bxc6 39. bxc6+ {[%emt 0:00:30]} Kxc6 40. Ke3 {[%emt 0:00:30]} Kd5 41. Kd2 {[%emt 0:30:30]} Kd4 42. Kc2 {[%emt 0:00:30]} a5 43. Kb2 {[%emt 0:00:30]} a4 44. h4 {[%emt 0:00:30]} Bb3 45. h5 {[%emt 0:00:30]} Kc4 46. h6 {[%emt 0:00:30]} Nxh6 47. Ka3 {[%emt 0:00:30]} Nf7 48. Kb2 {[%emt 0:00:30]} h5 0-1

[Event "Australian-ch 2018"]
[Site "Sydney"]
[Date "2018.01.03"]
[Round "2"]
[White "Loh, Zachary"]
[Black "Willathgamuwa, Rowan"]
[Result "1-0"]
[WhiteElo "2193"]
[BlackElo "1980"]
[Annotator "ChessBase"]
[PlyCount "45"]
[EventDate "2018.01.02"]
[EventType "tourn"]
[EventCountry "AUS"]
[SourceTitle "playchess.com"]
[Source "ChessBase"]
[SourceQuality "1"]
[TimeControl "40/5400+30:1800+30"]

1. e4 c5 2. d4 cxd4 3. c3 dxc3 4. Nxc3 Nc6 5. Bc4 d6 6. Nf3 a6 7. O-O Nf6 8. Bf4 Bg4 9. h3 Bh5 10. g4 Bg6 11. Qe2 e6 12. Rfd1 Qc7 13. e5 dxe5 14. Nxe5 Qb6 15. Nd7 Nxd7 16. Bxe6 O-O-O 17. Na4 Qb4 18. Bxd7+ Rxd7 19. Qe8+ Rd8 20. Rxd8+ Nxd8 21. Rc1+ Bc5 22. Qe5 Ne6 23. Rxc5+ 1-0

[Event "Australian-ch 2018"]
[Site "Sydney"]
[Date "2018.01.03"]
[Round "2"]
[White "McNamara, Gary"]
[Black "Silver, Dmitri"]
[Result "1-0"]
[WhiteElo "2134"]
[BlackElo "1905"]
[Annotator "ChessBase"]
[PlyCount "113"]
[EventDate "2018.01.02"]
[EventType "tourn"]
[EventCountry "AUS"]
[SourceTitle "playchess.com"]
[Source "ChessBase"]
[SourceQuality "1"]
[TimeControl "40/5400+30:1800+30"]

1. e4 c5 2. Nf3 d6 3. c3 e6 4. d4 cxd4 5. cxd4 Nf6 6. Nc3 a6 7. Bd3 Be7 8. h3 d5 9. e5 Nfd7 10. Qc2 Nc6 11. a3 Qb6 12. Ne2 Nf8 13. Be3 Bd7 14. b4 Rc8 15. Qb2 Ng6 16. Rb1 Na7 17. Nc3 O-O 18. h4 Rfd8 19. h5 Nf8 20. g4 Bb5 21. Nxb5 Nxb5 22. g5 Rc7 23. O-O Rdc8 24. Rfc1 g6 25. h6 Nd7 26. Rxc7 Rxc7 27. Bd2 Rc8 28. a4 Na7 29. b5 axb5 30. axb5 Qd8 31. Ra1 Ra8 32. Ra2 b6 33. Qa1 Qc7 34. Ne1 Kf8 35. f4 Ke8 36. Kf2 Kd8 37. Kf3 Qb7 38. Nc2 Nb8 39. Ke3 Qd7 40. Ra4 Qb7 41. Qa2 Kd7 42. Kf2 Kd8 43. Ne3 Nd7 44. Be2 Kc8 45. Bf3 Kb8 46. Nxd5 exd5 47. Bxd5 Qc7 48. Bf3 Nc5 49. dxc5 Bxc5+ 50. Kg2 Qd7 51. Bb4 Qd4 52. Bxc5 Qxc5 53. Qxf7 Qc8 54. Qd5 Nc6 55. Rxa8+ Kxa8 56. Qxc6+ Ka7 57. Qa8+ 1-0

[Event "Australian-ch 2018"]
[Site "Sydney"]
[Date "2018.01.03"]
[Round "2"]
[White "Wright, Neil S"]
[Black "Kethro, Michael"]
[Result "1-0"]
[WhiteElo "2126"]
[BlackElo "2195"]
[Annotator "ChessBase"]
[PlyCount "83"]
[EventDate "2018.01.02"]
[EventType "tourn"]
[EventCountry "AUS"]
[SourceTitle "playchess.com"]
[Source "ChessBase"]
[SourceQuality "1"]
[TimeControl "40/5400+30:1800+30"]

1. e4 c5 2. d4 cxd4 3. c3 Nf6 4. e5 Nd5 5. Nf3 Nc6 6. Bc4 e6 7. O-O Be7 8. Nxd4 Nb6 9. Nxc6 bxc6 10. Bd3 d5 11. Qg4 g6 12. Bh6 Qc7 13. Re1 Bb7 14. Qf4 Bf8 15. Bg5 Nd7 16. Nd2 Bg7 17. Nf3 h6 18. Bh4 g5 19. Nxg5 hxg5 20. Qxg5 Rxh4 21. Qxh4 Bxe5 22. f4 Bf6 23. Qh7 Qxf4 24. Re2 O-O-O 25. Rf1 Qh4 26. Qxf7 Be5 27. Rxe5 Nxe5 28. Qxe6+ Nd7 29. Rf7 Kb8 30. Rxd7 Rxd7 31. Qxd7 Qe1+ 32. Bf1 Qe3+ 33. Kh1 Qf4 34. Qe8+ Kc7 35. Qe7+ Kb8 36. Qe2 Bc8 37. Kg1 Bg4 38. Qd3 Kb7 39. Qa6+ Kc7 40. Qxa7+ Kc8 41. Qd4 Qg5 42. a4 1-0

[Event "Australian-ch 2018"]
[Site "Sydney"]
[Date "2018.01.03"]
[Round "2"]
[White "Willathgamuwa, Kevin"]
[Black "Kargosha, Bahman"]
[Result "1/2-1/2"]
[WhiteElo "2113"]
[BlackElo "2210"]
[Annotator "ChessBase"]
[PlyCount "75"]
[EventDate "2018.01.02"]
[EventType "tourn"]
[EventCountry "AUS"]
[SourceTitle "playchess.com"]
[Source "ChessBase"]
[SourceQuality "1"]
[TimeControl "40/5400+30:1800+30"]

1. e4 e5 2. Nf3 Nc6 3. d4 exd4 4. Bc4 Nf6 5. e5 d5 6. Bb5 Ne4 7. Nxd4 Bc5 8. O-O O-O 9. Bxc6 bxc6 10. f3 Ba6 11. Re1 f6 12. Be3 fxe5 13. Ne6 Bxe3+ 14. Rxe3 Qe7 15. Nxf8 Qc5 16. Qe1 Rxf8 17. Nd2 Nd6 18. Kh1 e4 19. fxe4 dxe4 20. Nxe4 Nxe4 21. Rxe4 Rf1+ 22. Qxf1 Bxf1 23. Rxf1 h6 24. c4 Qa5 25. a3 Qd2 26. b4 Qd3 27. Rfe1 Qxa3 28. c5 a5 29. bxa5 Qxa5 30. Re5 Qb4 31. h3 Qf4 32. R1e4 Qc1+ 33. Kh2 g5 34. Re8+ Kg7 35. R4e7+ Kf6 36. Re6+ Kf7 37. R6e7+ Kf6 38. Re6+ 1/2-1/2